LEADER 01210nam a2200277 i 4500 001 000000041401 003 CaOOAMICUS 005 20070627000000.0 008 070627s1965 it u000 u ita u 013 $a12571 040 $aSeMil$bita 100 1 $aParodi, Giacomo Ernesto.$0(OLS)http://semarc/name/1199 245 10$aPoesia e storia nella Divina Commedia /$cErnesto Giacomo Parodi ; a cura di Gianfranco Folena e P. V. Mengaldo. 260 $aVicenza :$bNeri Pozza,$c1965. 300 $aVIII, 405 p. ;$c22 cm. 490 0 $aNuova biblioteca di cultura ;$v28 500 $aContiene : Appendice. 600 14$aAlighieri, Dante <1265-1321>.$0(OLS)http://semarc/subject/2905 700 1 $aFolena, Gianfranco,$d<1920-1992>.$0(OLS)http://semarc/name/7613 773 0 $aParodi, Giacomo Ernesto$tOpere.$g2$w()1339 830 0$aNuova biblioteca di cultura ;$v28.$0(OLS)http://semarc/title/7069 850 $aSeMil 852 $aSeMil$W1$xVenegono$y1$m1D III 198$j7556$B7556$CSeMilBibl$Z2$F7556 $81 961 $aOmaggio: Ciprandi dott. Paolo 996 $6245$aPoesia e storia nella Divina Commedia$9(OLS)http://semarc/title/59950 996 $6260$aVicenza :$bNeri Pozza$9(OLS)http://semarc/publisher/32468 LEADER 00966nam a2200217 i 4500 001 000000073618 003 CaOOAMICUS 005 20230428142252.0 008 131021s1827 it u000 u ita u 026 $a,on- r-li e-do cime (3) 1827 (R) 040 $aSeMil$bita 100 1 $aMissirini, Melchiorre,$d<1773-1849>.$0(OLS)http://semarc/name/34175 245 10$aDi alcuni ufficj d'onestà considerazioni discorse da Melchior Missirini. 260 $aPadova :$bCoi tipi della Minerva,$c1827. 300 $aXIII, [3], 218, [6] p. ;$c8°. 710 2 $aTipografia della Minerva$b.$0(OLS)http://semarc/name/8160 850 $aSeMil 852 $aSeMil$W1$xVenegono$y1$m2R I 63 FA$j39770$B39770$CSeMilBibl$Z2$F39774 $8I 996 $6245$aDi alcuni ufficj d'onestà considerazioni discorse da Melchior Missirini$9(OLS)http://semarc/title/118871 996 $6260$aPadova :$bCoi tipi della Minerva$9(OLS)http://semarc/publisher/31348